000 00190 a2200097 4500
020 _a9780684815480
041 _aspa
100 _aMagallanes eduardo
245 _aQuerido alberto
942 _cBK
999 _c9270
_d9270